[Event "Reunion op 14th"]
[Site "St Denis"]
[Date "2012.10.13"]
[Round "9"]
[White "Romain, Arnaud"]
[Black "Folio, Cedric"]
[Result "1-0"]
[WhiteElo "1660"]
[BlackElo "1700"]
[PlyCount "135"]
[EventDate "2012.10.06"]
[EventType "swiss"]
[EventRounds "9"]
[EventCountry "RUF"]
[SourceTitle "EXT 2013"]
[Source "ChessBase"]
[SourceDate "2012.11.22"]
[SourceVersion "1"]
[SourceVersionDate "2012.11.22"]
[SourceQuality "1"]

1. d4 Nf6 2. Nf3 Nc6 3. Nc3 d5 4. Bg5 Ne4 5. e3 Nxg5 6. Nxg5 e6 7. Nf3 Be7 8. a3 a6 9. Bd3 Bd6 10. 0-0 Ne7 11. e4 Bf4 12. Ne2 Bh6 13. c4 dxc4 14. Bxc4 b5 15. Bb3 Bb7 16. Ng3 0-0 17. Qc2 Rc8 18. Rad1 c6 19. Qe2 Qd6 20. Ne5 Rcd8 21. Nf3 c5 22. dxc5 Qxc5 23. Rxd8 Rxd8 24. Rd1 Rxd1+ 25. Qxd1 Qc1 26. Bc2 Qxd1+ 27. Bxd1 Bc1 28. a4 bxa4 29. Bxa4 Bxb2 30. Nd2 Bc3 31. Nc4 Nc6 32. Nd6 Ba8 33. Ne2 Bb4 34. Nc4 Na5 35. Nxa5 Bxa5 36. f3 Bb6+ 37. Kf1 a5 38. Ke1 e5 39. Kd2 Bb7 40. Nc3 g5 41. h3 h5 42. Nd5 Bd8 43. Ne3 Ba6 44. Bd7 h4 45. Kc3 Bb6 46. Nc4 Bc7 47. Kb3 Kf8 48. Bc6 Ke7 49. Bd5 Bb5 50. Ne3 Bb6 51. Nf5+ Kf6 52. Bc4 Bd7 53. Nd6 Bc5 54. Nxf7 a4+ 55. Ka2 Be7 56. Nh6 Kg7 57. Nf5+ Kf8 58. Nxe7 Kxe7 59. Ka3 Bc6 60. Kb4 Kd6 61. Ba6 Bd7 62. Bc4 Kc7 63. Kc5 a3 64. Kd5 Kd8 65. Kxe5 Ke7 66. Kd4 Be6 67. Bxe6 Kxe6 68. Kc3 1-0

[Event "Reunion op 13th"]
[Site "St Denis"]
[Date "2011.10.03"]
[Round "4"]
[White "Folio, Cedric"]
[Black "Belazzoug, Farid"]
[Result "1/2-1/2"]
[WhiteElo "1499"]
[BlackElo "1706"]
[PlyCount "66"]
[EventDate "2011.10.01"]
[EventType "swiss"]
[EventRounds "9"]
[EventCountry "RUF"]
[SourceTitle "EXT 2012"]
[Source "ChessBase"]
[SourceDate "2011.11.24"]
[SourceVersion "1"]
[SourceVersionDate "2011.11.24"]
[SourceQuality "1"]

1. e4 c6 2. d4 d5 3. Nc3 dxe4 4. Nxe4 Bf5 5. Ng3 Bg6 6. h4 h6 7. h5 Bh7 8. Bd3 Bxd3 9. Qxd3 e6 10. Nf3 Nd7 11. Be3 Ngf6 12. 0-0-0 Qc7 13. Qd2 0-0-0 14. Bf4 Bd6 15. Bxd6 Qxd6 16. Qa5 Kb8 17. Ne5 Qe7 18. f3 Nxe5 19. dxe5 Nd5 20. Ne4 Nf4 21. g3 Rxd1+ 22. Rxd1 Nxh5 23. Qd2 f5 24. exf6 Nxf6 25. Nxf6 Qxf6 26. Qd6+ Ka8 27. Qc7 Qf8 28. Rd7 Qb8 29. Rxg7 Qxc7 30. Rxc7 Kb8 31. Rf7 h5 32. Rg7 h4 33. gxh4 Rxh4 1/2-1/2